<?xml version="1.0" encoding="UTF-8"?><?xml-stylesheet type="text/xsl" href="static/style.xsl"?><OAI-PMH xmlns="http://www.openarchives.org/OAI/2.0/" xmlns:xsi="http://www.w3.org/2001/XMLSchema-instance" xsi:schemaLocation="http://www.openarchives.org/OAI/2.0/ http://www.openarchives.org/OAI/2.0/OAI-PMH.xsd"><responseDate>2026-04-14T07:05:20Z</responseDate><request verb="GetRecord" identifier="oai:www.recercat.cat:2117/419807" metadataPrefix="marc">https://recercat.cat/oai/request</request><GetRecord><record><header><identifier>oai:recercat.cat:2117/419807</identifier><datestamp>2025-07-23T04:42:24Z</datestamp><setSpec>com_2072_1033</setSpec><setSpec>col_2072_452951</setSpec></header><metadata><record xmlns="http://www.loc.gov/MARC21/slim" xmlns:dcterms="http://purl.org/dc/terms/" xmlns:xsi="http://www.w3.org/2001/XMLSchema-instance" xmlns:doc="http://www.lyncode.com/xoai" xsi:schemaLocation="http://www.loc.gov/MARC21/slim http://www.loc.gov/standards/marcxml/schema/MARC21slim.xsd">
   <leader>00925njm 22002777a 4500</leader>
   <datafield ind2=" " ind1=" " tag="042">
      <subfield code="a">dc</subfield>
   </datafield>
   <datafield ind2=" " ind1=" " tag="720">
      <subfield code="a">Valero Casas-Aljama, Anna</subfield>
      <subfield code="e">author</subfield>
   </datafield>
   <datafield ind2=" " ind1=" " tag="260">
      <subfield code="c">2024-06-02</subfield>
   </datafield>
   <datafield ind2=" " ind1=" " tag="520">
      <subfield code="a">This thesis investigates the potential of Battery Energy Storage Systems (BESS) to support grid operations and enhance the sustainability of data centers. Given the increasing energy consumption of data centers, which is projected to reach nearly 15% of Denmark’s electricity consumption by 2030, there is a pressing need to explore sustainable and reliable power solutions. This study focuses on integrating renewable energy sources (RES) and BESS into data center operations to reduce emissions and enhance grid flexibility. A detailed model of a fictional data center is developed, encompassing various elements such as IT load, PV generation, and grid interactions. The methodology involves defining the data center’s IT load based on realistic usage patterns, incorporating PV systems for renewable energy generation, and simulating different outage scenarios to evaluate the reliability and performance of the BESS. The study explores multiple energy management strategies, including different configurations of the UPS system and the impact of varying BESS capacities. The results demonstrate that BESS can effectively reduce grid dependency and enhance the integration of renewable energy sources, thereby contributing to overall grid stability and sustainability. However, the initial costs of BESS and the need for strategic system configurations are critical considerations. The findings suggest that data centers can play a proactive role in stabilizing the grid and advancing sustainability efforts, with BESS offering a viable solution for peak shaving and backup power.</subfield>
   </datafield>
   <datafield ind2=" " ind1=" " tag="520">
      <subfield code="a">Outgoing</subfield>
   </datafield>
   <datafield tag="653" ind2=" " ind1=" ">
      <subfield code="a">Àrees temàtiques de la UPC::Energies</subfield>
   </datafield>
   <datafield tag="653" ind2=" " ind1=" ">
      <subfield code="a">Energy storage</subfield>
   </datafield>
   <datafield tag="653" ind2=" " ind1=" ">
      <subfield code="a">Energia--Emmagatzematge</subfield>
   </datafield>
   <datafield ind2="0" ind1="0" tag="245">
      <subfield code="a">Data centers for grid support and energy storage optimization</subfield>
   </datafield>
</record></metadata></record></GetRecord></OAI-PMH>